| 000 | 00566nam a22001577a 4500 | ||
|---|---|---|---|
| 003 | NUST | ||
| 082 | _a200 | ||
| 100 |
_aZAI, BEHZAD AHMED _9124358 |
||
| 245 |
_aDAMAGE QUANTIFICATION USING DYNAMIC RESPONSE OF A STRUCTURE IN CONJUNCTION WITH THERMAL LOADING/ _cBEHZAD AHMED ZAI, |
||
| 264 |
_aKarachi; _bPNEC NUST; _c2019. |
||
| 300 |
_a161,p; _bill; _c30,cm. |
||
| 650 |
_aPhD- Industrial and Manufacturing Engineering _9124344 |
||
| 700 |
_aSupervisor Dr. Asif Mansoor _9124350 |
||
| 856 | _u http://10.250.8.41:8080/xmlui/handle/123456789/34764 | ||
| 942 |
_2ddc _cSC |
||
| 999 |
_c610243 _d610243 |
||